<?xml version="1.0" encoding="UTF-8"?>
<record
    xmlns:xsi="http://www.w3.org/2001/XMLSchema-instance"
    xsi:schemaLocation="http://www.loc.gov/MARC21/slim http://www.loc.gov/standards/marcxml/schema/MARC21slim.xsd"
    xmlns="http://www.loc.gov/MARC21/slim">

  <leader>01616nam a22002897a 4500</leader>
  <controlfield tag="001">9212</controlfield>
  <controlfield tag="003">FISKH</controlfield>
  <controlfield tag="005">20251202140344.0</controlfield>
  <controlfield tag="008">251202b        cb ||||| |||| 00| 0 eng d</controlfield>
  <datafield tag="020" ind1=" " ind2=" ">
    <subfield code="a">9789995002145</subfield>
  </datafield>
  <datafield tag="040" ind1=" " ind2=" ">
    <subfield code="a">FISKH</subfield>
    <subfield code="b">khr</subfield>
    <subfield code="c">FISKH</subfield>
    <subfield code="d">FISKH</subfield>
  </datafield>
  <datafield tag="082" ind1=" " ind2=" ">
    <subfield code="a">398.2</subfield>
  </datafield>
  <datafield tag="100" ind1=" " ind2=" ">
    <subfield code="a">Sakal , Ngoun </subfield>
  </datafield>
  <datafield tag="245" ind1=" " ind2=" ">
    <subfield code="a">&#x1796;&#x17B7;&#x179F;&#x17B8;&#x1793;&#x17B7;&#x1784;&#x179F;&#x17C1;&#x17C7;&#x1794;&#x17C3;&#x178F;&#x1784; /</subfield>
    <subfield code="c">&#x17A2;&#x17D2;&#x1793;&#x1780;&#x1793;&#x17B7;&#x1796;&#x1793;&#x17D2;&#x1792; &#x179B;&#x17C4;&#x1780;&#x179F;&#x17D2;&#x179A;&#x17B8; &#x1784;&#x17BD;&#x1793; &#x179F;&#x17B6;&#x1780;&#x179B; , &#x17A2;&#x17D2;&#x1793;&#x1780;&#x179A;&#x17C0;&#x1794;&#x179A;&#x17C0;&#x1784; &#x179B;&#x17C4;&#x1780; &#x17A2;&#x17CA;&#x17B6;&#x1793; &#x1797;&#x17B6;&#x1784; </subfield>
  </datafield>
  <datafield tag="260" ind1=" " ind2=" ">
    <subfield code="a">&#x1797;&#x17D2;&#x1793;&#x17C6;&#x1796;&#x17C1;&#x1789; :</subfield>
    <subfield code="b">&#x1782;&#x17D2;&#x179A;&#x17B9;&#x17C7;&#x179F;&#x17D2;&#x1790;&#x17B6;&#x1793;&#x1794;&#x17C4;&#x17C7;&#x1796;&#x17BB;&#x1798;&#x17D2;&#x1796; &#x1793;&#x17B7;&#x1784; &#x1785;&#x17C2;&#x1780;&#x1795;&#x17D2;&#x179F;&#x17B6;&#x1799; , </subfield>
    <subfield code="c">2014  .</subfield>
  </datafield>
  <datafield tag="300" ind1=" " ind2=" ">
    <subfield code="a">8 pages : </subfield>
    <subfield code="b">color illustrations ; </subfield>
    <subfield code="c">27 cm . </subfield>
  </datafield>
  <datafield tag="505" ind1=" " ind2=" ">
    <subfield code="a">H 
</subfield>
  </datafield>
  <datafield tag="520" ind1=" " ind2=" ">
    <subfield code="a">&#x1796;&#x17B7;&#x179F;&#x17B8;&#x1798;&#x17B6;&#x1793;&#x1792;&#x17B6;&#x1784;&#x1785;&#x17C1;&#x1780;&#x1796;&#x17B8;&#x179A; &#x1793;&#x17B6;&#x1784;&#x17A0;&#x17C5;&#x1792;&#x17B6;&#x1784;&#x1785;&#x17C1;&#x1780;&#x1793;&#x17C4;&#x17C7;&#x1790;&#x17B6;&#x1787;&#x17B6;&#x179F;&#x17C1;&#x17C7; &#x17D4; &#x17A0;&#x17BE;&#x1799;&#x1793;&#x17B6;&#x1784;&#x1780;&#x17CF;&#x1785;&#x17C2;&#x1780;&#x179F;&#x17C1;&#x17C7;&#x1796;&#x178E;&#x17CF;&#x1794;&#x17C3;&#x178F;&#x1784;&#x1798;&#x17BD;&#x1799;&#x1791;&#x17C0;&#x178F;&#x17A2;&#x17C4;&#x1799;&#x1791;&#x17C5;&#x17A0;&#x17C1;&#x1784;&#x178A;&#x17C2;&#x179B;&#x1787;&#x17B6;&#x1798;&#x17B7;&#x178F;&#x17D2;&#x178F;&#x179A;&#x1794;&#x179F;&#x17CB;&#x1793;&#x17B6;&#x1784; &#x17D4; &#x1796;&#x17BD;&#x1780;&#x1782;&#x17C1;&#x1787;&#x17B7;&#x17C7;&#x179F;&#x17C1;&#x17C7;&#x1799;&#x17C9;&#x17B6;&#x1784;&#x179F;&#x1794;&#x17D2;&#x1794;&#x17B6;&#x1799;&#x179A;&#x17B8;&#x1780;&#x179A;&#x17B6;&#x1799; &#x17D4; </subfield>
  </datafield>
  <datafield tag="520" ind1=" " ind2=" ">
    <subfield code="a">Pisey had two banana trunks, and she called them her green horses. She gave one more green horse to Heng, her friend. They happily rode their horses together.</subfield>
  </datafield>
  <datafield tag="521" ind1="8" ind2=" ">
    <subfield code="a">400 
</subfield>
    <subfield code="b">Lexile estimate 
</subfield>
  </datafield>
  <datafield tag="521" ind1="8" ind2=" ">
    <subfield code="a">H 
</subfield>
    <subfield code="b">Raz-Plus 
</subfield>
  </datafield>
  <datafield tag="650" ind1=" " ind2=" ">
    <subfield code="a">&#x1796;&#x17B7;&#x179F;&#x17B8;&#x1793;&#x17B7;&#x1784;&#x179F;&#x17C1;&#x17C7;&#x1794;&#x17C3;&#x178F;&#x1784;</subfield>
    <subfield code="v">&#x179A;&#x17BF;&#x1784;&#x1793;&#x17B7;&#x1791;&#x17B6;&#x1793;&#x1780;&#x17BB;&#x1798;&#x17B6;&#x179A;</subfield>
  </datafield>
  <datafield tag="650" ind1=" " ind2=" ">
    <subfield code="a">Pisey and her green horse </subfield>
    <subfield code="v">Children's Stories </subfield>
  </datafield>
  <datafield tag="700" ind1=" " ind2=" ">
    <subfield code="a">Visal , Seng </subfield>
    <subfield code="e">Illustrator </subfield>
  </datafield>
  <datafield tag="942" ind1=" " ind2=" ">
    <subfield code="2">ddc</subfield>
    <subfield code="c">KHB</subfield>
    <subfield code="n">0</subfield>
  </datafield>
  <datafield tag="999" ind1=" " ind2=" ">
    <subfield code="c">9212</subfield>
    <subfield code="d">9212</subfield>
  </datafield>
  <datafield tag="952" ind1=" " ind2=" ">
    <subfield code="0">0</subfield>
    <subfield code="1">0</subfield>
    <subfield code="2">ddc</subfield>
    <subfield code="4">0</subfield>
    <subfield code="7">0</subfield>
    <subfield code="8">KH</subfield>
    <subfield code="a">002</subfield>
    <subfield code="b">002</subfield>
    <subfield code="c">TTP Khmer</subfield>
    <subfield code="d">2025-12-02</subfield>
    <subfield code="l">0</subfield>
    <subfield code="o">SAK 398.2</subfield>
    <subfield code="p">2025-5003</subfield>
    <subfield code="r">2025-12-02 14:03:40</subfield>
    <subfield code="w">2025-12-02</subfield>
    <subfield code="y">KHB</subfield>
  </datafield>
</record>
